České tance ; Vltava : klavírní úprava

Hlavní autor: Smetana, Bedřich, 1824-1884
Další autoři: Wiesner, Daniel, 1969-, Jiříkovský, Petr, 1971-
Jazyk: Neurčený, nezjistitelný
Vydáno: Praha : Studio Matouš, p1994
Témata:
Fyzický popis: 1 CD : DDD ; 12 cm + 1 brožura [12 s.].
Zvukové nahrávky
Uloženo v:
LEADER 01254njm a2200337 a 4500
001 000292004
003 CZ BrMZK
005 19950101143423.0
008 950101s1994 xr f und d
028 0 3 |a MK 0014-2 131  |b Studio Matouš 
040 |a BOA001  |b cze 
080 |a 786.2.085(086.7)  |2 MRF 
080 |a 786.24(086.7)  |2 MRF 
100 1 |a Smetana, Bedřich,  |d 1824-1884  |7 jk01120043  |4 cmp 
245 1 0 |a České tance ;  |b Vltava : klavírní úprava  |h [zvukový záznam] /  |c Bedřich Smetana. 
260 |a Praha :  |b Studio Matouš,  |c p1994 
300 |a 1 CD :  |b DDD ;  |c 12 cm +  |e 1 brožura [12 s.]. 
306 |a 010745 
500 |a Nahr. 1993, 1994 
500 |a Durata 67:45 
500 |a Text v brož. vícejaz. 
511 0 |a Petr Jiříkovský, klavír; Daniel Wiesner, klavír. 
653 0 |a klavírní polky  |a klavírní stylizované tance  |a čtyřruční klavír 
700 1 |a Wiesner, Daniel,  |d 1969-  |7 jn19990009124  |4 prf 
700 1 |a Jiříkovský, Petr,  |d 1971-  |7 jn19990209324  |4 prf 
740 0 2 |a Vltava 
910 |a BOA001  |b CD-0002.727 
964 |a Klavír čtyřruční  |x CD 
964 |a Klavír  |x tance stylizované  |x CD 
990 |a AV 
996 6 |b 261H002760  |c CD-0002.727  |l MZK  |r Sklad / do 24 hodin  |n 0  |w 000292004  |u 000010  |a 1  |e BOA001  |j MZK50  |s P